[Event "World Rapid Women 2016"]
[Site "Doha QAT"]
[Date "2016.12.26"]
[Round "2.6"]
[White "Koneru, Humpy"]
[Black "Hallaeva, Bahar"]
[Result "0-1"]
[WhiteTitle "GM"]
[BlackTitle "WFM"]
[WhiteElo "2557"]
[BlackElo "2112"]
[WhiteFideId "5008123"]
[BlackFideId "14000679"]
[EventDate "2016.12.26"]

1. d4 Nf6 2. c4 e6 3. Nc3 Bb4 4. e3 O-O 5. Ne2 b6 6. a3 Bxc3+ 7. Nxc3 Bb7 8. Bd3
d6 9. O-O Nbd7 10. e4 e5 11. d5 a5 12. b3 h6 13. Be3 Ba6 14. Qe2 Re8 15. Rfc1
Nf8 16. b4 Ng6 17. bxa5 bxa5 18. c5 Nf4 19. Bxf4 Bxd3 20. Qxd3 exf4 21. cxd6
cxd6 22. Qf3 Qe7 23. Nb5 Rab8 24. Nc3 Qe5 25. Rab1 Nd7 26. h3 Nc5 27. a4 Rb4 28.
Rxb4 axb4 29. Nb5 Ra8 30. Qg4 Rxa4 31. Nxd6 Qxd6 32. Qc8+ Kh7 33. Rxc5 Ra1+ 34.
Kh2 f3+ 35. g3 Qf6 36. Rb5 Rf1 37. Qc2 Qa1 38. g4 Qe5# 0-1

[Event "World Rapid Women 2016"]
[Site "Doha QAT"]
[Date "2016.12.26"]
[Round "3.12"]
[White "Geldiyeva, Mahri"]
[Black "Paehtz, Elisabeth"]
[Result "1-0"]
[WhiteTitle "WGM"]
[BlackTitle "IM"]
[WhiteElo "2220"]
[BlackElo "2463"]
[WhiteFideId "14000059"]
[BlackFideId "4641833"]
[EventDate "2016.12.26"]

1. d4 d6 2. Nf3 g6 3. b3 Bg7 4. Bb2 c6 5. e4 Nf6 6. Nbd2 O-O 7. Bd3 Na6 8. O-O
Nh5 9. Re1 Nc7 10. Bf1 Nf4 11. Qc1 Bh6 12. c4 d5 13. Qc3 Bg4 14. Ne5 Be6 15.
Rad1 Bg7 16. Qe3 Nh5 17. f4 Nf6 18. Bd3 Qc8 19. Rf1 dxe4 20. Nxe4 Bf5 21. Nxf6+
exf6 22. Nf3 Re8 23. Qd2 Bxd3 24. Qxd3 Qg4 25. f5 Rad8 26. Rfe1 gxf5 27. Rxe8+
Rxe8 28. d5 Rd8 29. Nd4 cxd5 30. Nxf5 d4 31. Bxd4 Ne6 32. Ne7+ Kh8 33. Nd5 Nf4
34. Qf3 Qxf3 35. gxf3 Nxd5 36. Bxa7 Ra8 37. Rxd5 Rxa7 38. Rd8+ Bf8 39. Rxf8+ Kg7
40. Rb8 Kg6 41. a4 Kf5 42. Kf2 Kf4 43. Rd8 b6 44. Rd4+ Ke5 45. Ke3 f5 46. Rd5+
Ke6 47. Kf4 Rc7 48. Re5+ Kd6 49. Rxf5 Re7 50. Rd5+ Kc6 51. a5 bxa5 52. Rxa5 Re2
53. Rh5 Rb2 54. Rxh7 Rxb3 55. Rxf7 Rc3 56. Re7 Rxc4+ 57. Re4 Rc2 58. Kg3 Kd7 59.
h4 Rc1 60. h5 Rg1+ 61. Kf4 Kd6 62. h6 Rg6 63. Ra4 Kd5 64. Ra5+ Kd4 65. Rh5 Rg8
66. h7 Rh8 67. Kf5 1-0

[Event "World Rapid Women 2016"]
[Site "Doha QAT"]
[Date "2016.12.27"]
[Round "5.1"]
[White "Gaponenko, Inna"]
[Black "Muzychuk, Anna"]
[Result "1/2-1/2"]
[WhiteTitle "IM"]
[BlackTitle "GM"]
[WhiteElo "2411"]
[BlackElo "2558"]
[WhiteFideId "14101181"]
[BlackFideId "14111330"]
[EventDate "2016.12.26"]

1. e4 e5 2. Nf3 Nc6 3. Bb5 a6 4. Bxc6 dxc6 5. O-O Bd6 6. d4 exd4 7. Qxd4 f6 8.
Nbd2 Be6 9. b3 Ne7 10. Nc4 Bxc4 11. Qxc4 Qd7 12. Bb2 Ng6 13. e5 fxe5 14. Nxe5
Nxe5 15. Bxe5 Bxe5 16. Rae1 O-O-O 17. Rxe5 Rhe8 18. Rxe8 Rxe8 19. h3 a5 20. Qc3
b6 21. Re1 Rxe1+ 22. Qxe1 Qd4 23. a4 Kb7 24. g4 h6 25. Kg2 Qd5+ 26. Kg3 Qd6+ 27.
Kg2 Qd5+ 28. Kg3 Qd6+ 1/2-1/2

[Event "World Rapid Women 2016"]
[Site "Doha QAT"]
[Date "2016.12.27"]
[Round "5.2"]
[White "Lagno, Kateryna"]
[Black "Goryachkina, Aleksandra"]
[Result "1-0"]
[WhiteTitle "GM"]
[BlackTitle "WGM"]
[WhiteElo "2530"]
[BlackElo "2466"]
[WhiteFideId "14109336"]
[BlackFideId "4147103"]
[EventDate "2016.12.26"]

1. c4 e6 2. Nc3 d5 3. d4 Nf6 4. cxd5 exd5 5. Bg5 Be7 6. e3 c6 7. Bd3 O-O 8. Qc2
Nbd7 9. Nge2 Re8 10. O-O Nf8 11. f3 c5 12. dxc5 Bxc5 13. Nd4 Bxd4 14. exd4 h6
15. Bh4 Ne6 16. Qf2 Nf4 17. Bb5 Re6 18. Rfe1 g5 19. Bg3 N6h5 20. Re5 Rxe5 21.
dxe5 Be6 22. Bf1 Qc7 23. Re1 a6 24. Bxf4 Nxf4 25. g3 Ng6 26. f4 gxf4 27. gxf4
Qd7 28. Bd3 Bf5 29. Nxd5 Qxd5 30. Bxf5 Rd8 31. Be4 Qd4 32. Qxd4 Rxd4 33. e6 Kf8
34. Bxb7 fxe6 35. Rxe6 Nxf4 36. Re4 Rxe4 37. Bxe4 a5 38. Kf2 Ke7 39. Ke3 Ne6 40.
Kd3 Nc5+ 41. Kd4 Kd6 42. Bf5 Na4 43. b3 Nb6 44. Bg4 Nd5 45. a3 Nf6 46. Bf3 Nd7
47. Bg4 Ne5 48. h3 Ng6 49. Kc4 Kc6 50. Bf3+ Kb6 51. Kd4 Nf4 52. h4 Kb5 53. Ke4
Ne6 54. Ke5 Nc5 55. Be2+ Kc6 56. Bc4 Nd7+ 57. Kf5 Nf8 58. Kf6 Kc5 59. a4 Kb4 60.
h5 Nd7+ 61. Kg7 Ne5 62. Kxh6 1-0

[Event "World Rapid Women 2016"]
[Site "Doha QAT"]
[Date "2016.12.27"]
[Round "5.5"]
[White "Gunina, Valentina"]
[Black "Geldiyeva, Mahri"]
[Result "1-0"]
[WhiteTitle "GM"]
[BlackTitle "WGM"]
[WhiteElo "2525"]
[BlackElo "2220"]
[WhiteFideId "4167570"]
[BlackFideId "14000059"]
[EventDate "2016.12.26"]

1. d4 d5 2. c4 c6 3. Nf3 Nf6 4. e3 e6 5. b3 Bd6 6. Bd3 O-O 7. O-O Nbd7 8. Bb2
Ne4 9. Nbd2 f5 10. Ne5 Qc7 11. Ndf3 Ndf6 12. Rc1 Bd7 13. a3 Be8 14. b4 a6 15.
Ne1 Bh5 16. f3 Ng5 17. cxd5 Nxd5 18. Qd2 Bxe5 19. dxe5 f4 20. exf4 Nxf4 21. h4
Nxd3 22. Nxd3 Nf7 23. Nf4 Qe7 24. Nxh5 Qxh4 25. Nf4 Ng5 26. Rc4 Rad8 27. Qf2 Qh6
28. Bc1 Rf5 29. Rd4 Rdf8 30. Rfd1 Rxe5 31. Nd3 Ref5 32. Qg3 Qf6 33. Rg4 h6 34.
Bb2 Qd8 35. f4 Qb6+ 36. Nc5 Rxc5 37. bxc5 Qxb2 38. fxg5 Qe2 39. Re1 1-0

[Event "World Rapid Women 2016"]
[Site "Doha QAT"]
[Date "2016.12.27"]
[Round "5.6"]
[White "Pham, Le Thao Nguyen"]
[Black "Koneru, Humpy"]
[Result "1/2-1/2"]
[WhiteTitle "IM"]
[BlackTitle "GM"]
[WhiteElo "2351"]
[BlackElo "2557"]
[WhiteFideId "12401226"]
[BlackFideId "5008123"]
[EventDate "2016.12.26"]

1. d4 d5 2. Nf3 Nf6 3. Bf4 c5 4. e3 Nc6 5. Nbd2 Bf5 6. dxc5 Bg4 7. Be2 e6 8. h3
Bxf3 9. Nxf3 Bxc5 10. O-O O-O 11. a3 a5 12. a4 h6 13. c3 Qb6 14. Rb1 Rfd8 15.
Bb5 Ne4 16. Qe2 Bd6 17. Bxd6 Nxd6 18. Bd3 e5 19. e4 d4 20. Rfd1 Rac8 21. Bb5
Nxb5 22. axb5 Na7 23. Nxe5 Nxb5 24. Qh5 Rc7 25. Rd3 Nxc3 26. Re1 Qxb2 27. Rg3
Qd2 28. Nf3 Ne2+ 29. Rxe2 Qxe2 30. Qxh6 f6 31. Qxf6 Re8 32. Qxd4 Qxe4 33. Qb2 a4
34. Ng5 Qc4 35. Kh2 Qf4 36. Qb1 Qh4 37. Qg6 Rce7 38. Qc2 Qh6 39. Qxa4 Qf6 40.
Qb3+ Kh8 41. Qc2 g6 42. Rg4 Re2 43. Qc7 Qe5+ 44. Qxe5+ R8xe5 45. Nf7+ Kg7 46.
Nxe5 Rxe5 47. Rb4 b5 48. Kg3 Kf6 49. f4 Rc5 50. Kg4 Ke6 51. Rb1 Kd6 52. Kh4 Rf5
53. g4 Rd5 54. Rf1 b4 55. f5 gxf5 56. gxf5 Ke7 57. Kg5 Kf7 58. Ra1 Rd7 59. Rb1
Rb7 60. Rb3 Rb8 61. h4 Rg8+ 62. Kf4 Rh8 63. Kg5 Rg8+ 64. Kf4 Rh8 65. Kg3 Kf6 66.
Rxb4 Kxf5 67. Rg4 Rh5 68. Rg8 Rh7 69. Rg5+ Kf6 70. Kg4 Rg7 1/2-1/2

[Event "World Rapid Women 2016"]
[Site "Doha QAT"]
[Date "2016.12.27"]
[Round "5.7"]
[White "Hallaeva, Bahar"]
[Black "Batsiashvili, Nino"]
[Result "0-1"]
[WhiteTitle "WFM"]
[BlackTitle "IM"]
[WhiteElo "2112"]
[BlackElo "2482"]
[WhiteFideId "14000679"]
[BlackFideId "13602993"]
[EventDate "2016.12.26"]

1. e4 d5 2. exd5 Qxd5 3. Nc3 Qd6 4. d4 c6 5. Nf3 Bg4 6. Be2 Nf6 7. h3 Bh5 8. g4
Bg6 9. Ne5 Nbd7 10. Bf4 Nxe5 11. Bxe5 Qd8 12. Qd2 e6 13. a3 Be7 14. O-O-O b5 15.
Bf3 Rc8 16. Bxf6 Bxf6 17. Be4 Be7 18. f4 a5 19. Bxg6 hxg6 20. Ne4 Qd5 21. Nc3
Qc4 22. Qd3 Qxd3 23. Rxd3 b4 24. axb4 axb4 25. Ne4 Ra8 26. Kd2 Kd7 27. Rb3 Kc7
28. Ke3 Rh4 29. Kf3 Rhh8 30. Nf2 Rhd8 31. Ke4 Ra5 32. Nd3 f5+ 33. gxf5 gxf5+ 34.
Ke3 Rb5 35. Ra1 Rh8 36. Ra7+ 0-1

[Event "World Rapid Women 2016"]
[Site "Doha QAT"]
[Date "2016.12.27"]
[Round "5.8"]
[White "Dzagnidze, Nana"]
[Black "Abdumalik, Zhansaya"]
[Result "1-0"]
[WhiteTitle "GM"]
[BlackTitle "WGM"]
[WhiteElo "2520"]
[BlackElo "2405"]
[WhiteFideId "13601903"]
[BlackFideId "13703544"]
[EventDate "2016.12.26"]

1. Nf3 c5 2. g3 Nc6 3. Bg2 e5 4. c4 g6 5. Nc3 Bg7 6. O-O d6 7. d3 Nge7 8. a3 O-O
9. Rb1 a5 10. Bd2 h6 11. Ne1 Be6 12. Nc2 d5 13. cxd5 Nxd5 14. Ne3 Nde7 15. Nc4
Rb8 16. Nb5 Bd5 17. Bh3 f5 18. Qc1 Kh7 19. Ne3 Ba2 20. Ra1 Bg8 21. Qxc5 Rc8 22.
Qd6 Qb6 23. a4 Rcd8 24. Qa3 f4 25. Nd1 Nf5 26. Ndc3 Nfd4 27. Rac1 Nb3 28. Rcd1
Nb4 29. Ne4 Nxd2 30. Rxd2 Bd5 31. Bg2 Rf7 32. Qc3 Rff8 33. Qc5 Qxc5 34. Nxc5 f3
35. Bxf3 Bxf3 36. exf3 Rxf3 37. Nxb7 Rdxd3 38. Rfd1 e4 39. Nxa5 Rf8 40. Nc4 Rc8
41. Ncd6 Ra8 42. Nxe4 Rxd2 43. Rxd2 Rxa4 44. Rd7 Nd5 45. f3 Ra1+ 46. Kg2 Ne3+
47. Kf2 Nf5 48. Nf6+ Kh8 49. Rd8+ Bf8 50. Nd7 Rd1 51. Nc3 Rd2+ 52. Ke1 Rd4 53.
Rxf8+ Kg7 54. Rd8 Ne7 55. Nc5 Rc4 56. Nd3 Nc6 57. Rc8 1-0

[Event "World Rapid Women 2016"]
[Site "Doha QAT"]
[Date "2016.12.27"]
[Round "5.9"]
[White "Tan, Zhongyi"]
[Black "Charochkina, Daria"]
[Result "1-0"]
[WhiteTitle "WGM"]
[BlackTitle "IM"]
[WhiteElo "2496"]
[BlackElo "2383"]
[WhiteFideId "8603642"]
[BlackFideId "4180917"]
[EventDate "2016.12.26"]

1. c4 f5 2. Nc3 Nf6 3. Nf3 e6 4. g3 d5 5. d4 c6 6. Bg2 Bd6 7. Bf4 Bxf4 8. gxf4
Qe7 9. Ne5 O-O 10. e3 Ng4 11. Nxg4 fxg4 12. Qc2 Na6 13. a3 c5 14. Rd1 cxd4 15.
Rxd4 dxc4 16. O-O Rb8 17. Rxc4 Bd7 18. Be4 Qh4 19. Rd1 Be8 20. Ne2 Bb5 21. Rc3
Kh8 22. Ng3 h6 23. Qb3 Bc6 24. Bxc6 bxc6 25. Qxe6 Rxb2 26. Qxc6 Nb8 27. Qc5 Rg8
28. Rc2 Rxc2 29. Qxc2 Qe7 30. Qc3 Qb7 31. f5 Rc8 32. Qd3 Nc6 33. f6 Ne5 34.
fxg7+ Qxg7 35. Qe4 Rf8 36. Nh5 Qe7 37. Qd4 Kg8 38. Qd5+ Kh8 39. Nf4 Rg8 40. Kg2
Nf3 41. Qh5 Qf6 42. Kh1 Ng5 43. Kg1 Qc6 44. Nd5 Rd8 45. e4 Rf8 46. Qxg4 Qc2 47.
Rf1 Nxe4 48. Ne3 Qc6 49. Ng2 Rg8 50. Qf3 Qg6 51. Kh1 Nd2 52. Qc3+ Kh7 53. Rg1
Ne4 54. Qe3 Re8 55. Qxa7+ Kh8 56. f3 Nf6 57. Qd4 Kh7 58. Nh4 Qf7 59. Qd3+ Ne4
60. fxe4 Re5 61. Nf3 Re8 62. e5+ Kh8 63. Qe4 Qh5 64. Qf4 1-0

[Event "World Rapid Women 2016"]
[Site "Doha QAT"]
[Date "2016.12.27"]
[Round "5.10"]
[White "Harika, Dronavalli"]
[Black "Khademalsharieh, Sarasadat"]
[Result "1/2-1/2"]
[WhiteTitle "GM"]
[BlackTitle "IM"]
[WhiteElo "2543"]
[BlackElo "2438"]
[WhiteFideId "5015197"]
[BlackFideId "12512214"]
[EventDate "2016.12.26"]

1. e4 e5 2. Nf3 Nc6 3. Bc4 Bc5 4. b4 Bxb4 5. c3 Ba5 6. d4 d6 7. Qb3 Qd7 8. O-O
Bb6 9. Nbd2 Na5 10. Qc2 Nxc4 11. Nxc4 exd4 12. cxd4 Ne7 13. a4 a6 14. e5 Ba7 15.
exd6 cxd6 16. Ba3 O-O 17. Nxd6 Bb8 18. Ne5 Qe6 19. Nec4 Nd5 20. Rfe1 Qh6 21. g3
Bh3 22. Qe4 Nf6 23. Qxb7 Ra7 24. Qf3 Bg4 25. Qg2 Be6 26. Ne3 Qh5 27. Rab1 Bxd6
28. Bxd6 Rd8 29. Rb8 Rxb8 30. Bxb8 Rd7 31. Be5 Nd5 32. Nxd5 Bxd5 33. g4 Bxg2 34.
gxh5 Bf3 35. h6 f6 36. Bg3 Rxd4 37. a5 g5 38. h3 Kf7 39. Kh2 Ra4 40. Re3 Bd5 41.
Bc7 Kg6 42. Bd8 Rf4 43. Kg1 Kxh6 44. Rd3 Bc4 45. Rd6 Kg6 46. Rc6 Bb5 47. Rb6 h5
48. Kg2 Be2 49. Kg1 h4 50. Re6 Bb5 51. Rb6 Kf7 52. Rd6 Kg6 53. Rb6 g4 54. hxg4
Rxg4+ 55. Kh2 Rf4 56. Kg1 Kg5 57. Rd6 h3 58. Bb6 Rg4+ 59. Kh2 Bf1 60. Be3+ Kf5
61. Rd1 Bg2 62. Rd4 Rg8 63. Rd6 Bf1 64. Rd1 Be2 65. Rd4 Bf1 66. Rd1 Bg2 67. Rd6
Bf1 1/2-1/2

[Event "World Rapid Women 2016"]
[Site "Doha QAT"]
[Date "2016.12.27"]
[Round "5.11"]
[White "Kashlinskaya, Alina"]
[Black "Zhu, Chen"]
[Result "1-0"]
[WhiteTitle "IM"]
[BlackTitle "GM"]
[WhiteElo "2429"]
[BlackElo "2419"]
[WhiteFideId "4198026"]
[BlackFideId "8600546"]
[EventDate "2016.12.26"]

1. d4 Nf6 2. c4 e6 3. Nc3 Bb4 4. Qc2 O-O 5. a3 Bxc3+ 6. Qxc3 d5 7. Bg5 c5 8.
dxc5 d4 9. Qc2 e5 10. e4 Nbd7 11. b4 a5 12. Rb1 h6 13. Bd2 Re8 14. Bd3 Nf8 15.
Ne2 Nh5 16. O-O Ng6 17. Rfe1 Qh4 18. Ng3 Nhf4 19. Bf1 Qg5 20. Rb3 h5 21. Nf5
Bxf5 22. exf5 Nh4 23. Rg3 Qxf5 24. Qxf5 Nxf5 25. Rb3 axb4 26. axb4 Ng6 27. Bd3
Nfe7 28. b5 f5 29. f3 Ra2 30. Bg5 Kf7 31. c6 bxc6 32. c5 Kf8 33. bxc6 Rc8 34.
Bc4 Ra5 35. Be6 Re8 36. Rc1 Nxc6 37. Bd7 Nge7 38. Rb6 Na7 39. Bxe8 Kxe8 40. Rb8+
Nec8 41. c6 e4 42. Rb7 g6 43. Bf6 Ra4 44. Rd7 Nxc6 45. Rc7 N8a7 46. R7xc6 Nxc6
47. Rxc6 Kf7 48. fxe4 fxe4 49. Rd6 e3 50. Bxd4 Ke7 51. Bc5 Ra1+ 52. Rd1+ 1-0

[Event "World Rapid Women 2016"]
[Site "Doha QAT"]
[Date "2016.12.27"]
[Round "5.13"]
[White "Zhukova, Natalia"]
[Black "Paehtz, Elisabeth"]
[Result "0-1"]
[WhiteTitle "GM"]
[BlackTitle "IM"]
[WhiteElo "2440"]
[BlackElo "2463"]
[WhiteFideId "14101513"]
[BlackFideId "4641833"]
[EventDate "2016.12.26"]

1. d4 e6 2. Nf3 c5 3. g3 Qa5+ 4. Bd2 Qb6 5. Bc3 Nf6 6. Bg2 Nc6 7. O-O d5 8. a4
Ne4 9. a5 Qc7 10. Be1 cxd4 11. Nxd4 Qe5 12. Nb5 Bc5 13. N1c3 f5 14. e3 O-O 15.
Na4 Be7 16. Rc1 a6 17. Nd4 Nxd4 18. exd4 Qd6 19. Nb6 Rb8 20. f3 Nf6 21. Bd2 Qd8
22. Qe2 Bd6 23. Rfe1 Re8 24. c4 Bd7 25. Nxd7 Qxd7 26. c5 Bc7 27. Bg5 Bxa5 28.
Red1 Qf7 29. c6 bxc6 30. Rxc6 Bb6 31. Qxa6 Nd7 32. Bf4 e5 33. Be3 exd4 34. Bf2
Re6 35. Rc8+ Rxc8 36. Qxc8+ Re8 37. Qc6 Ba7 38. Qb7 Nf6 39. Qxf7+ Kxf7 40. Bxd4
Bxd4+ 41. Rxd4 Re2 42. Rb4 Ke6 43. Rb7 g6 44. Rb4 Rd2 45. Rb6+ Ke7 46. Rb7+ Nd7
47. Bf1 Kd6 48. f4 Kc6 49. Rb4 Nc5 50. Rb8 Ne4 51. b4 d4 52. b5+ Kc7 53. Rh8 Nf6
54. Rf8 Ng4 55. Rf7+ Kb6 56. Rxh7 Rd1 57. Rh6 Nxh6 0-1

[Event "World Rapid Women 2016"]
[Site "Doha QAT"]
[Date "2016.12.27"]
[Round "5.14"]
[White "Purtseladze, Maka"]
[Black "Gvetadze, Sofio"]
[Result "1-0"]
[WhiteTitle "IM"]
[BlackTitle "IM"]
[WhiteElo "2347"]
[BlackElo "2283"]
[WhiteFideId "13602659"]
[BlackFideId "13601440"]
[EventDate "2016.12.26"]

1. d4 Nf6 2. Bf4 g6 3. Nf3 Bg7 4. e3 O-O 5. h3 d6 6. Be2 Nbd7 7. c4 c5 8. Nc3
Qa5 9. O-O a6 10. a3 Re8 11. Bh2 Rb8 12. dxc5 Qxc5 13. b4 Qc7 14. Rc1 b6 15. Nd5
Qa7 16. Nd4 Bb7 17. Bf3 Rbc8 18. Qa4 Qa8 19. Nxf6+ Nxf6 20. Bxb7 Qxb7 21. b5 a5
22. Nc6 Ne4 23. Qc2 Nc5 24. Rfd1 Qd7 25. e4 Qe6 26. Re1 Nd7 27. Qd3 Nc5 28. Qd5
Kf8 29. Rcd1 Bb2 30. Re3 Qxd5 31. exd5 Bf6 32. Rde1 Nb7 33. Rf3 Kg7 34. Rfe3 Kf8
35. Kf1 Rc7 36. f4 Rd7 37. g4 g5 38. fxg5 Bxg5 39. Rf3 Nc5 40. Kg2 Kg7 41. Ref1
e6 42. Re1 Rf8 43. Bg1 exd5 44. cxd5 Bh4 45. Bd4+ f6 46. Re2 a4 47. Rf5 h6 48.
Re6 Bg5 49. Kg3 Nxe6 50. dxe6 Rb7 51. Rd5 Re8 52. Rxd6 Kg6 53. Rd7 Rxe6 54. Rxb7
h5 55. Ne7+ Kh6 56. Nf5+ 1-0

[Event "World Rapid Women 2016"]
[Site "Doha QAT"]
[Date "2016.12.27"]
[Round "5.15"]
[White "Sviridova, Vlada"]
[Black "Saduakassova, Dinara"]
[Result "0-1"]
[WhiteTitle "WFM"]
[BlackTitle "WGM"]
[WhiteElo "2144"]
[BlackElo "2428"]
[WhiteFideId "24109606"]
[BlackFideId "13700090"]
[EventDate "2016.12.26"]

1. d4 Nf6 2. c4 e6 3. Nc3 Bb4 4. g3 O-O 5. Bg2 c6 6. Nf3 d5 7. cxd5 cxd5 8. Bd2
Nc6 9. O-O b6 10. a3 Be7 11. Rc1 Bb7 12. Bg5 h6 13. Bxf6 Bxf6 14. e3 Rc8 15. b4
Ne7 16. Qd3 Nf5 17. Rfd1 Nd6 18. Nd2 Qd7 19. a4 Nc4 20. Nxc4 Rxc4 21. Nb5 a6 22.
Nc3 Rxb4 23. Qd2 Be7 24. Bf1 Rc8 25. Bd3 Rb3 26. Ne2 Bd6 27. Rxc8+ Qxc8 28. Qa2
Rb4 29. Rc1 Qd7 30. Nc3 h5 31. Qe2 g6 32. Bxa6 Bxa6 33. Qxa6 Rc4 34. Ne2 Qc7 35.
Rb1 Bb4 36. h4 Ba5 37. Kg2 Rxa4 38. Qa8+ Kg7 39. Nf4 Rc4 40. Qe8 Rc2 41. Rf1 Qd6
42. Qa4 Qc6 43. Qa3 Qc7 44. Qa4 Qc6 45. Qa3 Qd7 46. Qb3 Rc3 47. Qd1 b5 48. g4
Bc7 49. Ne2 Rc4 50. gxh5 e5 51. dxe5 Rxh4 52. Nf4 Bxe5 53. Qxd5 Qg4# 0-1

[Event "World Rapid Women 2016"]
[Site "Doha QAT"]
[Date "2016.12.27"]
[Round "5.16"]
[White "Ovezdurdiyeva, Jemal"]
[Black "Krivec, Jana"]
[Result "0-1"]
[WhiteTitle "WFM"]
[BlackTitle "WGM"]
[WhiteElo "2080"]
[BlackElo "2264"]
[WhiteFideId "14001888"]
[BlackFideId "14601982"]
[EventDate "2016.12.26"]

1. d4 f5 2. g3 Nf6 3. Bg2 d6 4. Nf3 e6 5. O-O Be7 6. c4 O-O 7. Nc3 Ne4 8. Qc2
Nxc3 9. bxc3 Nc6 10. e4 e5 11. c5 exd4 12. cxd4 fxe4 13. Qxe4 dxc5 14. dxc5 Bf5
15. Qc4+ Kh8 16. Bb2 Bd3 17. Qg4 Bf6 18. Bxf6 Qxf6 19. Rfe1 Be2 20. Qf4 Bxf3 21.
Bxf3 Qc3 22. Rac1 Qxf3 23. Qxf3 Rxf3 24. Kg2 Raf8 25. Rc2 Nb4 26. Rd2 Nd3 27.
Re7 Kg8 28. Rxc7 Rxf2+ 29. Rxf2 Rxf2+ 30. Kg1 Rxa2 31. Rxb7 Nxc5 32. Rc7 Ne6 33.
Re7 Nd4 34. h4 Nf5 0-1

[Event "World Rapid Women 2016"]
[Site "Doha QAT"]
[Date "2016.12.27"]
[Round "5.17"]
[White "Arabidze, Meri"]
[Black "Sloan, Julia Elizabeth"]
[Result "1-0"]
[WhiteTitle "IM"]
[BlackTitle "CM"]
[WhiteElo "2379"]
[BlackElo "2173"]
[WhiteFideId "13604040"]
[BlackFideId "2018950"]
[EventDate "2016.12.26"]

1. d4 d6 2. Nf3 Bg4 3. c4 Nd7 4. e3 e5 5. Nc3 c6 6. Be2 f5 7. h3 Bh5 8. e4 f4 9.
dxe5 dxe5 10. Nxe5 Nxe5 11. Bxh5+ g6 12. Be2 Qh4 13. Qd4 Bg7 14. Qc5 Ne7 15. Bd2
O-O 16. O-O-O Rfd8 17. g3 fxg3 18. fxg3 Qf6 19. Be3 b6 20. Qa3 Qe6 21. c5 b5 22.
Rd6 Rxd6 23. cxd6 Nc8 24. Bc5 Bf8 25. Rd1 Nd7 26. Bg4 Qe8 27. Qb3+ Kh8 28. Bxd7
Qxd7 29. Bd4+ Bg7 30. Bxg7+ Kxg7 31. e5 Qxh3 32. d7 Nb6 33. d8=Q Rxd8 34. Rxd8
Qxg3 35. Qg8+ Kh6 36. Qf8+ Kh5 37. Rd1 Qe3+ 38. Kb1 Nc4 39. Rh1+ Kg4 40. Qc8+
Kg5 41. Qd8+ Kg4 42. Qd1+ Kg5 43. Qd8+ Kg4 44. Qh4+ Kf5 45. Rf1+ Ke6 46. Qf6+
Kd7 47. Rd1+ Kc7 48. Qd8+ Kb7 49. Qd7+ Kb6 50. Qd8+ Kb7 51. e6 b4 52. Qd7+ Ka6
53. Qxc6+ Nb6 54. Qb5+ Kb7 55. Qxb4 Qxe6 56. a4 Qf5+ 57. Ka1 a5 58. Qd4 h5 59.
Ne4 Qf8 60. Nd6+ Ka7 61. Qc5 Ka6 62. Qb5+ Ka7 63. Qxa5+ 1-0

[Event "World Rapid Women 2016"]
[Site "Doha QAT"]
[Date "2016.12.27"]
[Round "6.1"]
[White "Muzychuk, Anna"]
[Black "Lagno, Kateryna"]
[Result "1/2-1/2"]
[WhiteTitle "GM"]
[BlackTitle "GM"]
[WhiteElo "2558"]
[BlackElo "2530"]
[WhiteFideId "14111330"]
[BlackFideId "14109336"]
[EventDate "2016.12.26"]

1. e4 e5 2. Nf3 Nc6 3. Bc4 Bc5 4. d3 Nf6 5. c3 a6 6. a4 O-O 7. O-O Ba7 8. Bg5 h6
9. Bh4 d6 10. Na3 Qe7 11. b4 Be6 12. Qb3 Bg4 13. Qd1 g5 14. Bg3 Nh5 15. Nc2 Kh8
16. Ne3 Bxe3 17. fxe3 Nxg3 18. hxg3 f5 19. exf5 Rxf5 20. Bd5 Raf8 21. Qd2 Nd8
22. Nh2 1/2-1/2

[Event "World Rapid Women 2016"]
[Site "Doha QAT"]
[Date "2016.12.27"]
[Round "6.3"]
[White "Batsiashvili, Nino"]
[Black "Gunina, Valentina"]
[Result "1/2-1/2"]
[WhiteTitle "IM"]
[BlackTitle "GM"]
[WhiteElo "2482"]
[BlackElo "2525"]
[WhiteFideId "13602993"]
[BlackFideId "4167570"]
[EventDate "2016.12.26"]

1. d4 Nf6 2. c4 e6 3. Nc3 Bb4 4. Nf3 b6 5. e3 Bb7 6. Bd3 O-O 7. O-O c5 8. Na4
cxd4 9. exd4 Be7 10. Nc3 d5 11. cxd5 Nxd5 12. a3 Nd7 13. Re1 Nxc3 14. bxc3 Rc8
15. Bd2 Nf6 16. Qe2 Qd5 17. c4 Qh5 18. Ne5 Qxe2 19. Rxe2 Rfd8 20. Be3 Be4 21.
Bxe4 Nxe4 22. Rc2 Nd6 23. Rac1 Nf5 24. Nf3 Bxa3 25. Ra1 Bf8 26. Rxa7 b5 27. g4
Nxe3 28. fxe3 bxc4 29. Ne5 f6 30. Nxc4 Rd5 31. Kg2 e5 32. Na3 Rcd8 33. dxe5 Rxe5
34. Nc4 Rc5 35. Ra5 Rdc8 36. Rxc5 Rxc5 37. Kf3 h5 38. h3 Kh7 39. Na3 Rg5 40. Nc4
Rc5 41. Na3 Ra5 42. Nc4 Rb5 43. Nd2 Kg6 44. Ne4 h4 45. Rc8 Be7 46. Rc7 Ba3 47.
Rc8 Rb2 48. Rh8 Rb3 49. Nd2 Rd3 50. Ke2 Rc3 51. Rxh4 Bb4 52. Ne4 Rc2+ 53. Kd3
Ra2 54. Rh5 Ba5 55. Rb5 Be1 56. Rb1 Bh4 57. Rb7 Ra3+ 58. Ke2 Ra2+ 59. Kd3 Ra3+
60. Kd4 Ra4+ 61. Kd3 Ra3+ 62. Kd4 Ra4+ 63. Kd3 Ra3+ 64. Ke2 Ra2+ 65. Nd2 Bg3 66.
Rd7 Bh4 67. Kf3 Be1 68. Ne4 Rh2 69. Nd6 Rd2 70. Rd8 Rf2+ 71. Ke4 Rd2 72. Nb7 Rh2
73. Rh8 Bb4 74. Nd8 Ra2 75. Ne6 Kf7 76. Nd4 Bc5 77. Rc8 Bd6 78. Rd8 Be7 79. Rd7
Ra4 80. Rb7 g6 81. Kf3 Ke8 82. h4 Bc5 83. Ne6 Bxe3 84. Kxe3 Rxg4 85. Rh7 Ra4 86.
Nd4 Kf8 87. Rb7 Kg8 88. Ke4 Ra5 89. Nf3 Ra4+ 90. Nd4 Ra5 91. Re7 Rh5 92. Nf3 g5
93. hxg5 fxg5 94. Kf5 Rh7 95. Re8+ Kf7 96. Ra8 Rh6 97. Nxg5+ Ke7 98. Ra7+ Ke8
99. Ke5 Rh1 100. Ne4 Re1 101. Kd5 Kf8 102. Rb7 Re2 103. Ng5 Rd2+ 104. Ke5 Re2+
105. Kf6 Rf2+ 106. Kg6 Ke8 107. Nf7 Rf1 108. Nd6+ Kd8 109. Nf5 Rd1 110. Kf6 Rd7
111. Rb5 Rd1 112. Ke6 Kc7 113. Rc5+ Kb6 114. Rc8 Kb5 115. Ke5 Re1+ 116. Kd5 Rd1+
117. Nd4+ Kb6 118. Rc6+ Kb7 119. Rg6 Rc1 120. Nb3 Rd1+ 121. Kc4 Kc7 122. Kc5 Kd7
123. Nd4 Ke7 124. Kd5 1/2-1/2

[Event "World Rapid Women 2016"]
[Site "Doha QAT"]
[Date "2016.12.27"]
[Round "6.4"]
[White "Koneru, Humpy"]
[Black "Dzagnidze, Nana"]
[Result "0-1"]
[WhiteTitle "GM"]
[BlackTitle "GM"]
[WhiteElo "2557"]
[BlackElo "2520"]
[WhiteFideId "5008123"]
[BlackFideId "13601903"]
[EventDate "2016.12.26"]

1. Nf3 c5 2. g3 b6 3. Bg2 Bb7 4. O-O g6 5. d4 cxd4 6. Qxd4 Nf6 7. c4 Bg7 8. Nc3
Nc6 9. Qh4 h6 10. Qf4 Rc8 11. Bd2 g5 12. Qf5 e6 13. Qc2 O-O 14. Rad1 Qe7 15. Qb1
Rfd8 16. h4 g4 17. Ne1 Na5 18. Bxb7 Nxb7 19. b3 d5 20. cxd5 exd5 21. Nc2 d4 22.
Nb5 Qc5 23. Nbxd4 Rxd4 24. Nxd4 Qxd4 25. Bxh6 Qe5 26. Bxg7 Kxg7 27. Qd3 Nc5 28.
Qc4 Re8 29. Rfe1 Nce4 30. Qd4 Qf5 31. Rf1 Re5 32. Kg2 Qe6 33. Rfe1 Nc5 34. Qb2
Rf5 35. f3 Re5 36. Qd2 Re3 37. Qb2 gxf3+ 0-1